| 000 | 00655nam a22002171 4500 | ||
|---|---|---|---|
| 001 | bimo0001041993 | ||
| 003 | OSt | ||
| 005 | 20130610160602.0 | ||
| 008 | 900725s1972 sp spa | ||
| 017 |
_aM 30773-1972 _bOficina Depósito Legal Madrid |
||
| 035 | _a(OCoLC)432343465 | ||
| 040 |
_aSpMaBN _cBMC |
||
| 082 | _a920 Zumalacárregui, Tomás | ||
| 100 |
_aJarnés, Benjamín _d1888-1949 _9755 |
||
| 245 | 1 | 0 |
_aZumalacárregui, el caudillo romántico _cBenjamín Jarnés |
| 260 | 0 |
_aMadrid _bEspasa-Calpe _c1972 |
|
| 300 |
_a211 p. _c18 cm |
||
| 490 | 0 |
_aAustral _v1511 |
|
| 600 |
_9790 _aZumalacárregui, Tomás de _d1788-1835 |
||
| 942 |
_2ddc _cBK |
||
| 999 |
_c659 _d659 |
||